[Event "MCR druzstev mladsich zaku 2019"]
[Site "Trest"]
[Date "2019.06.15"]
[Round "3.17"]
[White "Sikorova, Jana"]
[Black "Dobsa, Emma"]
[Result "0-1"]
[BlackElo "1375"]
[WhiteElo "1483"]
[LiveChessVersion "1.4.8"]

1. d4 {[%clk 0:25:17]} d5 {[%clk 0:23:59]} 2. Bf4 {[%clk 0:25:23]} c5
{[%clk 0:23:58]} 3. c3 {[%clk 0:25:28]} Nf6 {[%clk 0:24:00]} 4. e3
{[%clk 0:25:23]} Nc6 {[%clk 0:24:06]} 5. Nd2 {[%clk 0:25:16]} Qb6
{[%clk 0:24:05]} 6. Qb3 {[%clk 0:24:28]} c4 {[%clk 0:24:13]} 7. Qxb6
{[%clk 0:24:33]} axb6 {[%clk 0:24:21]} 8. Be2 {[%clk 0:24:29]} Bf5
{[%clk 0:24:01]} 9. Ngf3 {[%clk 0:24:23]} b5 {[%clk 0:23:26]} 10. O-O
{[%clk 0:24:16]} e6 {[%clk 0:23:32]} 11. a3 {[%clk 0:23:42]} Be7 {[%clk 0:22:09]}
12. Ne5 {[%clk 0:23:05]} O-O {[%clk 0:21:20]} 13. Ndf3 {[%clk 0:22:36]} Nh5
{[%clk 0:20:43]} 14. Bg3 {[%clk 0:22:10]} Nxg3 {[%clk 0:20:27]} 15. hxg3
{[%clk 0:21:48]} f6 {[%clk 0:19:26]} 16. Nxc6 {[%clk 0:20:59]} bxc6
{[%clk 0:19:34]} 17. Rac1 {[%clk 0:20:05]} Bd6 {[%clk 0:16:15]} 18. Rfe1
{[%clk 0:19:26]} e5 {[%clk 0:16:13]} 19. Bd1 {[%clk 0:17:27]} Rfe8
{[%clk 0:15:44]} 20. Bc2 {[%clk 0:15:48]} Bg4 {[%clk 0:11:23]} 21. e4
{[%clk 0:13:54]} Ra7 {[%clk 0:10:08]} 22. Re3 {[%clk 0:13:16]} Rae7
{[%clk 0:09:33]} 23. Rce1 {[%clk 0:13:21]} Bc7 {[%clk 0:09:25]} 24. R1e2
{[%clk 0:09:09]} Bb6 {[%clk 0:09:05]} 25. exd5 {[%clk 0:08:01]} cxd5
{[%clk 0:08:35]} 26. Rd2 {[%clk 0:06:53]} Kf7 {[%clk 0:07:18]} 27. Re1
{[%clk 0:06:04]} Bxf3 {[%clk 0:06:14]} 28. gxf3 {[%clk 0:06:11]} exd4
{[%clk 0:06:14]} 29. Rxe7+ {[%clk 0:05:59]} Rxe7 {[%clk 0:06:21]} 30. cxd4
{[%clk 0:06:00]} Ba5 31. Rd1 {[%clk 0:05:07]} Re2 {[%clk 0:06:21]} 32. Bf5
{[%clk 0:04:51]} Rxb2 {[%clk 0:06:08]} 33. Bd7 {[%clk 0:04:50]} c3
{[%clk 0:06:06]} 34. Rc1 {[%clk 0:03:34]} g6 {[%clk 0:06:02]} 35. Bc6
{[%clk 0:03:14]} Ke6 {[%clk 0:06:03]} 36. a4 {[%clk 0:02:44]} c2 {[%clk 0:05:46]}
37. Kg2 {[%clk 0:02:28]} Bd2 {[%clk 0:05:53]} 38. Bxb5 {[%clk 0:01:52]} Bxc1
{[%clk 0:05:53]} 39. Bd3 {[%clk 0:01:42]} Bd2 {[%clk 0:06:00]} 40. Bxc2
{[%clk 0:01:43]} Rxc2 {[%clk 0:06:08]} 41. f4 {[%clk 0:01:36]} Be3
{[%clk 0:06:11]} 42. Kg1 {[%clk 0:01:25]} Bxf2+ {[%clk 0:06:18]} 43. Kh2
{[%clk 0:01:29]} Bxd4+ {[%clk 0:06:25]} 44. Kh3 {[%clk 0:01:37]} Kf5
{[%clk 0:06:25]} 45. a5 {[%clk 0:01:33]} Bc5 {[%clk 0:06:32]} 46. a6
{[%clk 0:01:39]} Ba7 {[%clk 0:06:41]} 47. g4+ {[%clk 0:01:42]} Kxf4
{[%clk 0:06:46]} 48. g5 {[%clk 0:01:47]} f5 {[%clk 0:06:43]} 49. Kh4
{[%clk 0:01:44]} Rh2# {[%clk 0:06:51]} 0-1

[Event "MCR druzstev mladsich zaku 2019"]
[Site "Trest"]
[Date "2019.06.15"]
[Round "3.18"]
[White "Mruskovic, Ondrej"]
[Black "Kubatova, Ema"]
[Result "0-1"]
[BlackElo "1227"]
[WhiteElo "1266"]
[LiveChessVersion "1.4.8"]

1. e4 {[%clk 0:25:18]} c5 {[%clk 0:25:18]} 2. Nc3 {[%clk 0:25:24]} Nc6
{[%clk 0:25:25]} 3. Nf3 {[%clk 0:25:29]} d6 {[%clk 0:25:24]} 4. Bb5
{[%clk 0:25:32]} Bd7 {[%clk 0:25:31]} 5. O-O {[%clk 0:25:29]} Nf6
{[%clk 0:25:33]} 6. d3 {[%clk 0:25:32]} e6 {[%clk 0:25:40]} 7. Bg5
{[%clk 0:25:30]} Be7 {[%clk 0:25:47]} 8. Re1 {[%clk 0:25:10]} O-O
{[%clk 0:25:34]} 9. h3 {[%clk 0:24:58]} a6 {[%clk 0:25:01]} 10. Bc4
{[%clk 0:24:48]} Qc7 {[%clk 0:24:13]} 11. Bb3 {[%clk 0:23:22]} Rfe8
{[%clk 0:22:47]} 12. a3 {[%clk 0:22:47]} Rad8 {[%clk 0:21:13]} 13. d4
{[%clk 0:22:42]} cxd4 {[%clk 0:20:30]} 14. Nxd4 {[%clk 0:22:38]} b5
{[%clk 0:19:02]} 15. Nce2 {[%clk 0:21:28]} h6 {[%clk 0:18:31]} 16. Bh4
{[%clk 0:21:16]} Nxe4 {[%clk 0:18:01]} 17. Bg3 {[%clk 0:20:51]} Nxg3
{[%clk 0:17:02]} 18. Nxg3 {[%clk 0:20:52]} Bf6 {[%clk 0:16:45]} 19. c3
{[%clk 0:20:08]} Qb6 {[%clk 0:15:24]} 20. Nf3 {[%clk 0:19:17]} Qc7
{[%clk 0:13:33]} 21. Ne4 {[%clk 0:18:54]} Be7 {[%clk 0:12:46]} 22. a4
{[%clk 0:15:26]} Rc8 {[%clk 0:11:31]} 23. Qe2 {[%clk 0:14:42]} Qb7
{[%clk 0:11:03]} 24. Rad1 {[%clk 0:13:55]} Qb8 {[%clk 0:09:48]} 25. Qd2
{[%clk 0:12:25]} d5 {[%clk 0:08:43]} 26. Ng3 {[%clk 0:12:21]} Bd6
{[%clk 0:08:11]} 27. Ne2 {[%clk 0:11:16]} Ne5 {[%clk 0:07:18]} 28. Nxe5
{[%clk 0:10:12]} Bxe5 {[%clk 0:07:21]} 29. Nd4 {[%clk 0:09:33]} Bf4
{[%clk 0:06:25]} 30. Qe2 {[%clk 0:09:03]} Rcd8 {[%clk 0:05:43]} 31. Qf3
{[%clk 0:08:11]} Bg5 {[%clk 0:04:51]} 32. a5 {[%clk 0:07:08]} Qc7
{[%clk 0:04:45]} 33. Bc2 {[%clk 0:05:48]} Qxa5 {[%clk 0:03:57]} 34. Qd3
{[%clk 0:05:09]} g6 {[%clk 0:03:04]} 35. Qf3 {[%clk 0:04:21]} Rf8
{[%clk 0:02:30]} 36. Nb3 {[%clk 0:04:17]} Qb6 {[%clk 0:02:20]} 37. Qg3
{[%clk 0:03:12]} Qb8 {[%clk 0:01:34]} 38. Qxb8 {[%clk 0:03:13]} Rxb8
{[%clk 0:01:42]} 39. Nc5 {[%clk 0:03:08]} Bc8 {[%clk 0:01:33]} 40. b3
{[%clk 0:02:46]} Bf6 {[%clk 0:01:25]} 41. Rd3 {[%clk 0:02:37]} a5
{[%clk 0:01:16]} 42. Ra1 {[%clk 0:02:40]} Ra8 {[%clk 0:01:02]} 43. Rf3
{[%clk 0:02:42]} Be5 {[%clk 0:01:04]} 44. Re3 {[%clk 0:02:44]} Bd6
{[%clk 0:01:07]} 45. Nd3 {[%clk 0:02:45]} Bd7 {[%clk 0:01:08]} 46. Ne5
{[%clk 0:02:39]} Bxe5 {[%clk 0:01:03]} 47. Rxe5 {[%clk 0:02:46]} b4
{[%clk 0:01:07]} 48. cxb4 {[%clk 0:02:33]} axb4 {[%clk 0:01:15]} 49. Rxa8
{[%clk 0:02:27]} Rxa8 {[%clk 0:01:23]} 50. Re1 {[%clk 0:02:21]} Ra2
{[%clk 0:01:19]} 51. Bd1 {[%clk 0:02:00]} Ra1 {[%clk 0:01:22]} 52. Kf1
{[%clk 0:01:44]} Bb5+ {[%clk 0:01:27]} 53. Be2 {[%clk 0:01:41]} Bxe2+
{[%clk 0:01:10]} 54. Kxe2 {[%clk 0:01:48]} Ra2+ {[%clk 0:01:02]} 55. Kd3
{[%clk 0:01:51]} Rb2 {[%clk 0:00:54]} 56. g3 {[%clk 0:01:17]} Rxb3+
{[%clk 0:01:00]} 57. Kc2 {[%clk 0:01:22]} Rf3 {[%clk 0:00:55]} 58. Rf1
{[%clk 0:01:18]} Kf8 {[%clk 0:00:57]} 59. h4 {[%clk 0:01:19]} Ke7
{[%clk 0:01:03]} 0-1

[Event "MCR druzstev mladsich zaku 2019"]
[Site "Trest"]
[Date "2019.06.15"]
[Round "4.1"]
[White "Juhanak, Daniel"]
[Black "Finek, Vaclav"]
[Result "1/2-1/2"]
[BlackElo "2074"]
[WhiteElo "1550"]
[LiveChessVersion "1.4.8"]

1. d4 {[%clk 0:25:16]} d5 {[%clk 0:25:15]} 2. Nf3 {[%clk 0:25:15]} c5
{[%clk 0:25:22]} 3. g3 {[%clk 0:25:05]} cxd4 {[%clk 0:25:16]} 4. Bg2
{[%clk 0:24:52]} Nf6 {[%clk 0:25:03]} 5. O-O {[%clk 0:24:26]} g6 {[%clk 0:24:52]}
6. Bf4 {[%clk 0:23:03]} Bg7 {[%clk 0:24:55]} 7. Be5 {[%clk 0:17:46]} Nc6
{[%clk 0:24:46]} 8. Bxd4 {[%clk 0:17:29]} Nxd4 {[%clk 0:24:50]} 9. Nxd4
{[%clk 0:17:38]} O-O {[%clk 0:24:55]} 10. c4 {[%clk 0:16:18]} dxc4
{[%clk 0:24:01]} 11. Na3 {[%clk 0:15:24]} Ng4 {[%clk 0:22:22]} 12. e3
{[%clk 0:14:52]} Ne5 {[%clk 0:22:17]} 13. Qc2 {[%clk 0:11:57]} Bd7
{[%clk 0:20:22]} 14. Rfd1 {[%clk 0:11:03]} Qc7 {[%clk 0:19:04]} 15. Rac1
{[%clk 0:10:25]} Rac8 {[%clk 0:18:36]} 16. f4 {[%clk 0:08:40]} Ng4
{[%clk 0:18:41]} 17. Qe2 {[%clk 0:08:17]} Nf6 {[%clk 0:15:42]} 18. Rxc4
{[%clk 0:07:44]} Qb6 {[%clk 0:15:45]} 19. Rdc1 {[%clk 0:06:04]} Rxc4
{[%clk 0:15:22]} 20. Nxc4 {[%clk 0:05:45]} Qc7 {[%clk 0:15:29]} 21. Qd2
{[%clk 0:05:35]} Rc8 {[%clk 0:15:33]} 22. Rc2 {[%clk 0:05:00]} Qb8
{[%clk 0:15:32]} 23. Ne5 {[%clk 0:04:41]} Rxc2 {[%clk 0:15:31]} 24. Qxc2
{[%clk 0:04:30]} Qc8 {[%clk 0:13:56]} 25. Qxc8+ {[%clk 0:03:29]} Bxc8
{[%clk 0:14:04]} 26. Nb5 {[%clk 0:03:15]} a6 {[%clk 0:13:10]} 27. Na7
{[%clk 0:02:40]} Be6 {[%clk 0:13:13]} 28. Bxb7 {[%clk 0:02:38]} Bxa2
{[%clk 0:13:19]} 29. Nac6 {[%clk 0:02:00]} Bf8 {[%clk 0:11:57]} 30. Bxa6
{[%clk 0:01:43]} Nd5 {[%clk 0:11:59]} 31. e4 {[%clk 0:01:30]} Nb6
{[%clk 0:12:02]} 32. b4 {[%clk 0:01:07]} e6 {[%clk 0:11:26]} 33. Bd3
{[%clk 0:00:49]} f6 {[%clk 0:10:56]} 34. Ng4 {[%clk 0:00:30]} Kg7
{[%clk 0:11:01]} 35. Ne3 {[%clk 0:00:35]} f5 {[%clk 0:10:40]} 36. e5
{[%clk 0:00:28]} Nd5 {[%clk 0:10:22]} 37. Nxd5 {[%clk 0:00:27]} Bxd5
{[%clk 0:10:28]} 38. b5 {[%clk 0:00:35]} Bc5+ {[%clk 0:10:34]} 39. Kf1
{[%clk 0:00:41]} h6 {[%clk 0:10:08]} 40. h4 {[%clk 0:00:30]} g5 {[%clk 0:08:57]}
41. hxg5 {[%clk 0:00:26]} hxg5 {[%clk 0:09:06]} 42. Na5 {[%clk 0:00:35]} gxf4
{[%clk 0:09:06]} 43. gxf4 {[%clk 0:00:43]} Be3 {[%clk 0:09:01]} 44. Bc4
{[%clk 0:00:42]} Bxf4 {[%clk 0:07:32]} 45. Bxd5 {[%clk 0:00:49]} exd5
{[%clk 0:07:39]} 46. Nc6 {[%clk 0:00:54]} Be3 {[%clk 0:07:25]} 47. e6
{[%clk 0:00:54]} Kf6 {[%clk 0:06:48]} 48. e7 {[%clk 0:00:57]} Kf7
{[%clk 0:06:54]} 49. Ke2 {[%clk 0:00:58]} Bc5 {[%clk 0:06:45]} 50. Kd3 1/2-1/2

[Event "MCR druzstev mladsich zaku 2019"]
[Site "Trest"]
[Date "2019.06.15"]
[Round "4.2"]
[White "Nemec, Jachym"]
[Black "Soucek, Jan"]
[Result "1-0"]
[BlackElo "1595"]
[WhiteElo "1940"]
[LiveChessVersion "1.4.8"]

1. d4 {[%clk 0:25:14]} d5 {[%clk 0:24:44]} 2. c4 {[%clk 0:25:19]} e6
{[%clk 0:24:36]} 3. Nc3 {[%clk 0:25:22]} Nf6 {[%clk 0:24:43]} 4. Bg5
{[%clk 0:25:26]} c6 {[%clk 0:24:50]} 5. Nf3 {[%clk 0:25:30]} h6 {[%clk 0:24:59]}
6. Bh4 {[%clk 0:24:16]} dxc4 {[%clk 0:24:41]} 7. e3 {[%clk 0:22:28]} b5
{[%clk 0:24:46]} 8. a4 {[%clk 0:21:56]} Bb4 {[%clk 0:24:48]} 9. Nd2
{[%clk 0:20:11]} Bxc3 {[%clk 0:23:53]} 10. bxc3 {[%clk 0:20:19]} Bb7
{[%clk 0:24:01]} 11. Be2 {[%clk 0:19:29]} Nbd7 {[%clk 0:23:44]} 12. O-O
{[%clk 0:19:13]} a6 {[%clk 0:23:39]} 13. Rb1 {[%clk 0:18:51]} Qc8
{[%clk 0:22:09]} 14. e4 {[%clk 0:18:32]} O-O {[%clk 0:18:05]} 15. Qc2
{[%clk 0:15:05]} Nb6 {[%clk 0:13:05]} 16. Bxf6 gxf6 {[%clk 0:13:11]} 17. a5
{[%clk 0:14:25]} Nd7 {[%clk 0:13:12]} 18. f4 {[%clk 0:14:31]} c5 {[%clk 0:12:48]}
19. Rf3 {[%clk 0:11:36]} cxd4 {[%clk 0:11:59]} 20. cxd4 {[%clk 0:11:43]} Kh8
{[%clk 0:11:50]} 21. Rh3 {[%clk 0:11:42]} Kh7 {[%clk 0:10:51]} 22. Qc3
{[%clk 0:10:48]} Rg8 {[%clk 0:10:18]} 23. Bf3 {[%clk 0:07:46]} Nf8
{[%clk 0:08:37]} 24. d5 {[%clk 0:05:56]} e5 {[%clk 0:07:05]} 25. Kh1
{[%clk 0:05:20]} Ng6 {[%clk 0:06:33]} 26. fxe5 {[%clk 0:05:04]} fxe5
{[%clk 0:06:22]} 27. Qe3 {[%clk 0:04:45]} Nf4 {[%clk 0:05:58]} 28. Rh4
{[%clk 0:04:53]} Qd8 {[%clk 0:04:57]} 29. g3 {[%clk 0:04:48]} Rc8
{[%clk 0:04:19]} 30. Bg4 {[%clk 0:04:31]} Qf6 {[%clk 0:00:56]} 31. Bf5+
{[%clk 0:04:21]} Kh8 {[%clk 0:00:44]} 32. Nf3 {[%clk 0:04:19]} c3
{[%clk 0:00:19]} 33. gxf4 {[%clk 0:04:19]} c2 {[%clk 0:00:26]} 34. Rc1
{[%clk 0:04:24]} Qg7 {[%clk 0:00:21]} 35. Bg4 {[%clk 0:04:16]} Qf6
{[%clk 0:00:12]} 36. fxe5 {[%clk 0:04:19]} 1-0

[Event "MCR druzstev mladsich zaku 2019"]
[Site "Trest"]
[Date "2019.06.15"]
[Round "4.3"]
[White "Svoboda, Daniel"]
[Black "Smolik, Jachym"]
[Result "0-1"]
[BlackElo "1652"]
[WhiteElo "1458"]
[LiveChessVersion "1.4.8"]

1. e4 {[%clk 0:25:18]} c5 {[%clk 0:25:20]} 2. Nf3 {[%clk 0:25:27]} e6
{[%clk 0:25:29]} 3. d4 {[%clk 0:25:32]} cxd4 {[%clk 0:25:37]} 4. Nxd4
{[%clk 0:25:40]} Qb6 {[%clk 0:25:46]} 5. Nc3 {[%clk 0:19:23]} Bc5
{[%clk 0:25:54]} 6. Be3 {[%clk 0:17:41]} Nc6 {[%clk 0:25:58]} 7. Nxc6
{[%clk 0:16:11]} Bxe3 {[%clk 0:25:56]} 8. fxe3 {[%clk 0:15:53]} Qxe3+
{[%clk 0:26:04]} 9. Qe2 {[%clk 0:16:01]} Qxe2+ {[%clk 0:26:11]} 10. Bxe2
{[%clk 0:16:09]} bxc6 {[%clk 0:26:19]} 11. O-O {[%clk 0:16:06]} Nf6
{[%clk 0:25:59]} 12. e5 {[%clk 0:14:02]} Nd5 {[%clk 0:26:02]} 13. Ne4
{[%clk 0:13:25]} O-O {[%clk 0:26:01]} 14. Rf3 {[%clk 0:12:37]} Rb8
{[%clk 0:25:29]} 15. Rb1 {[%clk 0:08:38]} Rb4 {[%clk 0:24:54]} 16. Nd6
{[%clk 0:08:04]} Nf4 {[%clk 0:23:52]} 17. Bc4 {[%clk 0:07:07]} Ng6
{[%clk 0:23:49]} 18. Re1 {[%clk 0:06:02]} f6 {[%clk 0:23:28]} 19. exf6
{[%clk 0:05:44]} gxf6 {[%clk 0:23:34]} 20. Bb3 {[%clk 0:04:32]} Ba6
{[%clk 0:22:13]} 21. Ne4 {[%clk 0:04:02]} f5 {[%clk 0:21:19]} 22. Nc5
{[%clk 0:03:40]} Bc8 {[%clk 0:21:27]} 23. Rg3 {[%clk 0:02:22]} Rb5
{[%clk 0:20:50]} 24. Nd3 {[%clk 0:02:12]} d5 {[%clk 0:18:57]} 25. Ne5 c5
{[%clk 0:18:08]} 26. a3 {[%clk 0:01:56]} c4 {[%clk 0:17:33]} 27. Ba4
{[%clk 0:01:47]} Rxb2 {[%clk 0:17:32]} 28. Nxg6 {[%clk 0:01:55]} hxg6
{[%clk 0:17:40]} 29. Rxg6+ {[%clk 0:02:02]} Kf7 {[%clk 0:17:49]} 30. Rg3
{[%clk 0:02:05]} Rb6 {[%clk 0:16:33]} 31. Rh3 {[%clk 0:01:01]} Ke7
{[%clk 0:16:12]} 32. Rh7+ {[%clk 0:00:50]} Rf7 {[%clk 0:16:20]} 33. Rh3
{[%clk 0:00:52]} Bb7 {[%clk 0:15:10]} 34. Rhe3 {[%clk 0:00:37]} d4
{[%clk 0:15:11]} 35. Rf3 {[%clk 0:00:46]} Bxf3 {[%clk 0:15:17]} 36. gxf3
{[%clk 0:00:50]} Kd6 {[%clk 0:14:55]} 37. Be8 {[%clk 0:00:53]} Rg7+
{[%clk 0:14:55]} 38. Kf2 {[%clk 0:01:01]} Rb2 {[%clk 0:15:00]} 39. Kf1
{[%clk 0:01:02]} Rxc2 {[%clk 0:15:00]} 40. Rd1 {[%clk 0:01:08]} d3
{[%clk 0:15:03]} 41. Ba4 {[%clk 0:01:15]} Rxh2 {[%clk 0:15:06]} 0-1

[Event "MCR druzstev mladsich zaku 2019"]
[Site "Trest"]
[Date "2019.06.15"]
[Round "4.4"]
[White "Day, Tobias"]
[Black "Tesar, Jakub"]
[Result "1-0"]
[BlackElo "1528"]
[WhiteElo "1690"]
[LiveChessVersion "1.4.8"]

1. e4 {[%clk 0:25:16]} c5 {[%clk 0:25:18]} 2. Nf3 {[%clk 0:25:21]} Nc6
{[%clk 0:25:19]} 3. d4 {[%clk 0:25:28]} cxd4 {[%clk 0:25:26]} 4. Nxd4
{[%clk 0:25:32]} g6 {[%clk 0:25:34]} 5. Be3 {[%clk 0:19:28]} Bg7 {[%clk 0:25:38]}
6. Qd2 {[%clk 0:18:04]} Nf6 {[%clk 0:24:57]} 7. Nc3 {[%clk 0:17:14]} O-O
{[%clk 0:24:38]} 8. f3 {[%clk 0:16:38]} d6 {[%clk 0:24:32]} 9. O-O-O
{[%clk 0:14:16]} Bd7 {[%clk 0:24:27]} 10. Bc4 {[%clk 0:13:26]} Rc8
{[%clk 0:24:20]} 11. Bb3 {[%clk 0:13:33]} Qa5 {[%clk 0:23:35]} 12. Kb1
{[%clk 0:12:43]} Ne5 {[%clk 0:20:10]} 13. Nd5 {[%clk 0:11:39]} Qd8 14. Nc3
{[%clk 0:09:38]} Nc4 {[%clk 0:19:24]} 15. Bxc4 {[%clk 0:09:09]} Rxc4
{[%clk 0:19:30]} 16. h4 {[%clk 0:07:46]} Qc7 {[%clk 0:18:09]} 17. g4
{[%clk 0:07:01]} h5 {[%clk 0:17:05]} 18. Qd3 {[%clk 0:05:38]} Rc8
{[%clk 0:16:35]} 19. Rd2 {[%clk 0:05:00]} a6 {[%clk 0:14:51]} 20. g5
{[%clk 0:04:27]} Ne8 {[%clk 0:14:26]} 21. Nd5 {[%clk 0:04:26]} Qd8
{[%clk 0:14:05]} 22. Qb3 {[%clk 0:03:45]} Ba4 {[%clk 0:10:48]} 23. Qb6
{[%clk 0:02:56]} Bxd4 {[%clk 0:10:26]} 24. Qxd8 {[%clk 0:02:53]} Rxd8
{[%clk 0:09:36]} 25. Bxd4 {[%clk 0:02:59]} Rdc8 {[%clk 0:05:33]} 26. Nxe7+
{[%clk 0:02:30]} Kf8 {[%clk 0:04:55]} 27. Nxc8 {[%clk 0:02:37]} Rxc8
{[%clk 0:05:00]} 28. b3 {[%clk 0:02:41]} Bd7 {[%clk 0:04:55]} 29. Rhd1
{[%clk 0:02:32]} Nc7 {[%clk 0:04:42]} 30. Bb2 {[%clk 0:02:16]} Nb5
{[%clk 0:04:49]} 31. c4 {[%clk 0:02:21]} Nc7 {[%clk 0:04:21]} 32. Rxd6
{[%clk 0:02:21]} Bh3 {[%clk 0:04:10]} 33. Rd8+ {[%clk 0:02:07]} Rxd8
{[%clk 0:04:17]} 34. Rxd8+ {[%clk 0:02:14]} Ke7 {[%clk 0:04:23]} 35. Rb8
{[%clk 0:02:13]} b5 {[%clk 0:04:22]} 36. c5 {[%clk 0:02:09]} Kd7 {[%clk 0:04:19]}
37. Be5 {[%clk 0:02:02]} Bg2 {[%clk 0:04:10]} 38. Rb7 {[%clk 0:01:56]} Bxf3
{[%clk 0:04:18]} 39. Rxc7+ {[%clk 0:02:03]} Ke6 {[%clk 0:04:27]} 40. Bf6
{[%clk 0:02:03]} Bxe4+ {[%clk 0:04:35]} 41. Kb2 {[%clk 0:02:11]} 1-0

[Event "MCR druzstev mladsich zaku 2019"]
[Site "Trest"]
[Date "2019.06.15"]
[Round "4.5"]
[White "Dobsa, Emma"]
[Black "Pressler, Tobias"]
[Result "0-1"]
[BlackElo "1595"]
[WhiteElo "1375"]
[LiveChessVersion "1.4.8"]

1. e4 {[%clk 0:25:19]} c5 {[%clk 0:25:08]} 2. Nf3 {[%clk 0:25:27]} Nc6
{[%clk 0:25:11]} 3. d4 {[%clk 0:25:34]} cxd4 {[%clk 0:25:08]} 4. Nxd4
{[%clk 0:25:43]} Nf6 {[%clk 0:24:59]} 5. Nc3 {[%clk 0:25:47]} g6 {[%clk 0:24:55]}
6. Nxc6 {[%clk 0:25:40]} bxc6 {[%clk 0:24:55]} 7. e5 {[%clk 0:24:30]} Ng8
{[%clk 0:24:57]} 8. f4 {[%clk 0:24:33]} Bg7 {[%clk 0:24:39]} 9. Bc4
{[%clk 0:23:06]} Nh6 {[%clk 0:23:27]} 10. O-O {[%clk 0:22:27]} Qb6+
{[%clk 0:23:24]} 11. Kh1 {[%clk 0:22:22]} Bb7 {[%clk 0:22:29]} 12. Qd2
{[%clk 0:21:03]} Rd8 {[%clk 0:18:02]} 13. Na4 {[%clk 0:20:20]} Qc7
{[%clk 0:17:39]} 14. Qe3 {[%clk 0:19:04]} a6 {[%clk 0:14:51]} 15. Qb3
{[%clk 0:17:52]} O-O {[%clk 0:11:42]} 16. Be3 {[%clk 0:17:29]} Qc8
{[%clk 0:09:24]} 17. Bc5 {[%clk 0:16:37]} d5 {[%clk 0:08:33]} 18. exd6
{[%clk 0:15:36]} exd6 {[%clk 0:08:38]} 19. Ba3 {[%clk 0:14:42]} Rfe8
{[%clk 0:08:08]} 20. Rad1 {[%clk 0:14:10]} d5 {[%clk 0:08:13]} 21. Bd3
{[%clk 0:13:24]} Ng4 {[%clk 0:07:20]} 22. Rde1 {[%clk 0:11:37]} Nf2+
{[%clk 0:06:56]} 23. Kg1 {[%clk 0:11:41]} Bd4 {[%clk 0:05:36]} 24. Rxe8+
{[%clk 0:11:03]} Rxe8 {[%clk 0:05:44]} 25. Rxf2 {[%clk 0:09:12]} Qg4
{[%clk 0:05:48]} 26. c3 {[%clk 0:08:43]} Re1+ {[%clk 0:05:50]} 27. Bf1
{[%clk 0:08:29]} Be3 {[%clk 0:04:58]} 28. Qc2 {[%clk 0:07:00]} Rc1
{[%clk 0:05:00]} 29. Qd3 {[%clk 0:06:30]} Qxf4 {[%clk 0:05:05]} 30. Qe2
{[%clk 0:05:30]} Rd1 {[%clk 0:01:36]} 31. Bc5 {[%clk 0:05:07]} d4
{[%clk 0:01:43]} 32. Bxd4 {[%clk 0:04:47]} Rxd4 {[%clk 0:00:41]} 33. cxd4
{[%clk 0:04:42]} Bxd4 {[%clk 0:00:28]} 34. g3 {[%clk 0:04:14]} Qf5
{[%clk 0:00:19]} 35. Kg2 {[%clk 0:03:36]} c5+ {[%clk 0:00:27]} 36. Rf3
{[%clk 0:03:26]} g5 {[%clk 0:02:05]} 37. h3 {[%clk 0:02:48]} h5 {[%clk 0:02:06]}
38. Qe8+ {[%clk 0:02:04]} Kg7 {[%clk 0:01:49]} 39. Be2 {[%clk 0:01:27]} g4
{[%clk 0:01:51]} 40. hxg4 {[%clk 0:01:30]} hxg4 {[%clk 0:01:59]} 41. Kh2
{[%clk 0:00:58]} Qh5+ {[%clk 0:02:03]} 42. Kg2 {[%clk 0:01:00]} Qh3#
{[%clk 0:02:12]} 0-1

[Event "MCR druzstev mladsich zaku 2019"]
[Site "Trest"]
[Date "2019.06.15"]
[Round "4.6"]
[White "Sehnoutkova, Laura"]
[Black "Mruskovic, Ondrej"]
[Result "1-0"]
[BlackElo "1266"]
[WhiteElo "1406"]
[LiveChessVersion "1.4.8"]

1. e4 {[%clk 0:25:10]} e5 {[%clk 0:25:03]} 2. Nf3 {[%clk 0:25:18]} Nc6
{[%clk 0:25:09]} 3. Bc4 {[%clk 0:25:27]} Bc5 {[%clk 0:25:17]} 4. c3
{[%clk 0:25:35]} Nf6 {[%clk 0:25:24]} 5. d4 {[%clk 0:25:42]} exd4
{[%clk 0:25:25]} 6. cxd4 {[%clk 0:25:50]} Bb6 {[%clk 0:25:32]} 7. Nc3
{[%clk 0:25:57]} O-O {[%clk 0:25:28]} 8. O-O {[%clk 0:26:04]} d6 {[%clk 0:25:29]}
9. h3 {[%clk 0:26:08]} Re8 {[%clk 0:24:50]} 10. Re1 {[%clk 0:26:00]} Bd7
{[%clk 0:24:29]} 11. Bf4 {[%clk 0:25:38]} Nh5 {[%clk 0:23:54]} 12. Bg5
{[%clk 0:24:42]} Qc8 {[%clk 0:23:38]} 13. e5 {[%clk 0:25:14]} Bxh3
{[%clk 0:22:41]} 14. Nh2 {[%clk 0:23:14]} Be6 {[%clk 0:22:22]} 15. Bxe6
{[%clk 0:23:04]} Qxe6 {[%clk 0:22:26]} 16. Qxh5 {[%clk 0:22:40]} Nxd4
{[%clk 0:21:38]} 17. Rac1 {[%clk 0:22:30]} dxe5 {[%clk 0:21:11]} 18. Bf4
{[%clk 0:21:37]} Nc6 {[%clk 0:20:39]} 19. Bg3 {[%clk 0:20:36]} Rad8
{[%clk 0:19:26]} 20. Qg4 {[%clk 0:20:28]} Qg6 {[%clk 0:18:45]} 21. Qxg6
{[%clk 0:20:24]} fxg6 {[%clk 0:18:44]} 22. Ng4 {[%clk 0:19:41]} Nb4
{[%clk 0:17:57]} 23. Rxe5 {[%clk 0:18:37]} Rxe5 {[%clk 0:17:28]} 24. Nxe5
{[%clk 0:18:43]} Nc6 {[%clk 0:15:54]} 25. Nxc6 {[%clk 0:18:44]} bxc6
{[%clk 0:15:56]} 26. Na4 {[%clk 0:18:34]} Bd4 {[%clk 0:15:36]} 27. Rxc6
{[%clk 0:18:35]} Rc8 {[%clk 0:15:14]} 28. Rxc7 {[%clk 0:18:40]} Ra8
{[%clk 0:14:47]} 29. Rb7 {[%clk 0:18:01]} Rc8 {[%clk 0:13:24]} 30. Rb8
{[%clk 0:18:01]} Rxb8 {[%clk 0:12:41]} 31. Bxb8 {[%clk 0:18:09]} a6
{[%clk 0:12:38]} 32. Kf1 {[%clk 0:18:12]} Kf8 {[%clk 0:12:29]} 33. Bd6+
{[%clk 0:18:05]} Ke8 {[%clk 0:12:34]} 34. Bc5 {[%clk 0:18:10]} Be5
{[%clk 0:12:26]} 35. b3 {[%clk 0:18:16]} Kd7 {[%clk 0:12:34]} 36. Ke2
{[%clk 0:18:06]} Kc6 {[%clk 0:12:39]} 37. Be3 {[%clk 0:18:15]} Kb5
{[%clk 0:12:27]} 38. a3 {[%clk 0:18:09]} Bd6 {[%clk 0:12:17]} 39. Bc1
{[%clk 0:18:03]} h6 {[%clk 0:12:07]} 40. Bb2 {[%clk 0:17:36]} Bf8
{[%clk 0:12:01]} 41. Nc3+ {[%clk 0:17:32]} Ka5 {[%clk 0:11:58]} 42. b4+
{[%clk 0:16:31]} Kb6 {[%clk 0:11:59]} 43. Nd5+ {[%clk 0:16:02]} Kc6
{[%clk 0:11:57]} 44. Nf4 {[%clk 0:15:55]} g5 {[%clk 0:12:00]} 45. Ne6
{[%clk 0:16:03]} Bd6 {[%clk 0:11:53]} 46. Nxg7 {[%clk 0:15:59]} Kb5
{[%clk 0:11:47]} 47. Nf5 {[%clk 0:16:06]} Bf8 {[%clk 0:11:47]} 48. Kd3
{[%clk 0:15:43]} Kc6 {[%clk 0:11:20]} 49. Kc4 {[%clk 0:15:45]} h5
{[%clk 0:11:17]} 50. Bg7 {[%clk 0:15:51]} 1-0

[Event "MCR druzstev mladsich zaku 2019"]
[Site "Trest"]
[Date "2019.06.15"]
[Round "4.7"]
[White "Werner, Hong Quan Dan"]
[Black "Winter, Ondrej"]
[Result "0-1"]
[BlackElo "1533"]
[WhiteElo "1599"]
[LiveChessVersion "1.4.8"]

1. e4 {[%clk 0:25:16]} c5 {[%clk 0:25:19]} 2. Nf3 {[%clk 0:25:23]} Nc6
{[%clk 0:25:27]} 3. d4 {[%clk 0:25:31]} cxd4 {[%clk 0:25:36]} 4. Nxd4
{[%clk 0:25:40]} g6 {[%clk 0:25:44]} 5. Nc3 {[%clk 0:25:47]} Bg7 {[%clk 0:25:53]}
6. Be3 {[%clk 0:25:55]} Nf6 {[%clk 0:26:02]} 7. Nxc6 {[%clk 0:26:04]} bxc6
{[%clk 0:26:10]} 8. e5 {[%clk 0:26:11]} Ng8 {[%clk 0:25:52]} 9. f4
{[%clk 0:25:56]} f6 {[%clk 0:25:38]} 10. Bd4 {[%clk 0:26:03]} fxe5
{[%clk 0:24:51]} 11. Bxe5 {[%clk 0:25:41]} Nf6 {[%clk 0:24:34]} 12. Qd4
{[%clk 0:25:18]} O-O {[%clk 0:23:34]} 13. Bc4+ {[%clk 0:24:34]} Kh8
{[%clk 0:22:35]} 14. O-O-O {[%clk 0:23:16]} d6 {[%clk 0:22:36]} 15. Ne4
{[%clk 0:23:09]} Bg4 {[%clk 0:21:46]} 16. Bxf6 {[%clk 0:22:51]} exf6
{[%clk 0:20:12]} 17. Nxd6 {[%clk 0:22:20]} Bxd1 {[%clk 0:16:50]} 18. Rxd1
{[%clk 0:21:32]} Qe7 {[%clk 0:15:30]} 19. Qc5 {[%clk 0:20:09]} Rab8
{[%clk 0:10:22]} 20. Qxc6 {[%clk 0:17:49]} Qe3+ {[%clk 0:07:18]} 21. Rd2
{[%clk 0:13:53]} f5 {[%clk 0:06:03]} 22. Nf7+ {[%clk 0:11:24]} Rxf7
{[%clk 0:05:42]} 23. Bxf7 {[%clk 0:10:30]} Qe1+ {[%clk 0:05:42]} 24. Rd1
{[%clk 0:10:34]} Bxb2+ 0-1